000
00349nam a2200133Ia 4500
008
231129s9999||||xx |||||||||||||| ||spa||
020
_a
968-6046-31-3
040
_b
spa
082
_a
532 S915m
100
_a
Streeter Victor L
245
0
_a
Mecanica de los fluidos
264
_a
McGraw-Hill
942
_2
ddc
_c
BKS
999
_c
20824
_d
20824